| 000 | 00550nam a2200217Ia 4500 | ||
|---|---|---|---|
| 008 | 160303s9999 xx 000 0 und d | ||
| 020 | _a971-584-411-1 | ||
| 050 | _aFIL KPM 1750 | ||
| 050 | _b.S57 2005 | ||
| 100 | _aSison, Carmelo V. | ||
| 245 | _aEssentials of the 1987 constitution / | ||
| 245 | _cCarmelo V. Sison. | ||
| 260 | _aQuezon City: | ||
| 260 | _bC & E Pub. Inc., | ||
| 260 | _c2005 | ||
| 300 | _a269 pages : | ||
| 300 | _billustrations ; | ||
| 300 | _c22 cm. | ||
| 650 | _aConstitutional law -- | ||
| 650 | _xPhilippines. | ||
| 999 |
_c291428 _d291428 |
||